| 000 | 00387 a2200169 4500 | ||
|---|---|---|---|
| 001 | 191725 | ||
| 020 | _a978-85-7412-174-1 | ||
| 040 | _cMagnum | ||
| 100 | _aMunduruku, Daniel | ||
| 240 | 1 | 0 |
_aO homem que roubava horas _lpor |
| 245 | 1 | 0 | _aO homem que roubava horas |
| 300 | _a28 | ||
| 362 | 0 | _a2007 | |
| 440 | 1 | _aBrinque-Book | |
| 697 | _aLITERATURA INFANTO-JUVENIL | ||
| 942 | _cBK | ||
| 999 |
_c191725 _d191725 |
||